|
|
|
|
| LEADER |
00000nmm0a2200000 4500 |
| 001 |
13922 |
| 005 |
20231030185248.0 |
| 010 |
|
|
|a 0782119417
|
| 035 |
|
|
|a (RuTPU)RU\TPU\book\14009
|
| 035 |
|
|
|a BOOK00014077
|
| 090 |
|
|
|a 13922
|
| 100 |
|
|
|a 20011209d1996 km y0engy50 ba
|
| 101 |
0 |
|
|a eng
|
| 102 |
|
|
|a US
|
| 105 |
|
|
|a y g 000zy
|
| 200 |
1 |
|
|a Access 97
|e Developer's Handbook
|f P. Litwin, K. Getz, M. Gilbert
|
| 205 |
|
|
|a 3rd ed.
|
| 210 |
|
|
|a San Francisco
|c Sybex
|d 1996
|
| 215 |
|
|
|a 1544 p.
|e Прил.: CD-ROM.
|
| 610 |
1 |
|
|a операционные системы
|
| 610 |
1 |
|
|a английский язык
|
| 610 |
1 |
|
|a программы
|
| 610 |
1 |
|
|a справочники
|
| 610 |
1 |
|
|a Access 97
|
| 610 |
1 |
|
|a CD-ROM
|
| 675 |
|
|
|a 681.3.066(03)
|v 3
|
| 700 |
|
1 |
|a Litwin
|b P.
|g Paul
|
| 701 |
|
1 |
|a Getz
|b K.
|g Ken
|
| 701 |
|
1 |
|a Gilbert
|b M.
|g Mike
|
| 801 |
|
0 |
|a RU
|b 63413507
|c 20011209
|g PSBO
|
| 801 |
|
2 |
|a RU
|b 63413507
|c 20160824
|g PSBO
|
| 942 |
|
|
|c MX
|